000 00482nam a22001697a 4500
005 20240830082955.0
008 240830b |||||||| |||| 00| 0 eng d
020 _a409018945
041 _aEnglish
082 _a340.03 CLA
100 _lEnglish
245 _aDictionary of Legal Words and Phrases
260 _aDurban:
_bButterworth and Company Ltd,
_c1976
300 _b436 pages;
_c25 cm.
650 _aLegal practice
_bLaw
942 _cBK
_6ALISON_BN_VRIES
999 _c2958
_d2958